| 000 | 00400nam a2200157Ia 4500 | ||
|---|---|---|---|
| 008 | 221030s9999 xx 000 0 und d | ||
| 020 | _a0070636613 | ||
| 041 | _aEnglish | ||
| 100 | _aS. Dasgupta | ||
| 245 | 0 |
_aAlgorithms _cby S. Dasgupta, C. Papadimitrious |
|
| 260 |
_bMcGraw - Hill Pub. _aNew Delhi _c2016 |
||
| 300 | _a320 | ||
| 650 | _aComputers | ||
| 700 | _aC. Papadimitrious | ||
| 942 | _cBK | ||
| 999 |
_c16811 _d16811 |
||